| 000 | 00635na a2200217 4500 | ||
|---|---|---|---|
| 001 | 19570 | ||
| 003 | MIRAKIL | ||
| 005 | 20181213155012.0 | ||
| 008 | 161219b tu 000 0 | ||
| 040 |
_aMilas _btur _cTR-AnCHP |
||
| 041 | _atur | ||
| 082 |
_a320.9531 _bD35 [t.y.] |
||
| 090 | _a320.9531 D35 [t.y.] | ||
| 245 | _aDemokrat Türkiye | ||
| 260 |
_a[y.y.] _b[yayl.y.] _c[t.y.] |
||
| 300 |
_akrşk. s. (yaklaşık 500 s.) _c30 sm. |
||
| 650 |
_aDevlet kurumları _xBüyüme ve gelişme _yTanıtım |
||
| 651 |
_aTürkiye _xBüyüme ve gelişme _yDevlet kurumları |
||
| 651 |
_aTürkiye _xDemokratikleşme |
||
| 942 |
_2ddc _cBKS |
||
| 999 |
_c4610 _d4610 |
||